|
|
|
|
| LEADER |
00000nam a22000007a 4500 |
| 005 |
20120424150542.0 |
| 007 |
cr|||| ||| |
| 008 |
120424s2004 pe |||||s|||| 00||0 spa d |
| 020 |
|
|
|a 9972-733-65-3
|
| 035 |
|
|
|a 6462
|
| 040 |
|
|
|a vLex
|
| 090 |
|
|
|c 3144
|d 3144
|
| 100 |
1 |
|
|a Da̕z Revorio, Fco. Javier
|
| 245 |
1 |
0 |
|a Jurisprudencia del Tribunal Europeo de Derechos Humanos
|h [Recurso electrn̤ico] /
|c Fco. Javier Da̕z Revorio
|
| 256 |
|
|
|a Servicio en ln̕ea
|
| 260 |
|
|
|a Lima :
|b Palestra Editores,
|c 2004
|
| 300 |
|
|
|a 1 recurso electrn̤ico
|
| 500 |
|
|
|a Contiene las sentencias bs̀icas del Tribunal Europeo Derechos Humanos
|
| 506 |
1 |
|
|a Contenido solo disponible en los productos indicados
|d vLex Global
|d vLex Global (Academic Edition, excluding Law Schools)
|d vLex Global (U.S. Academic Edition, Law Schools)
|d vLex Global (U.S. Academic Edition, excluding Law Schools)
|d vLex Global (Academic Edition, Law Schools)
|
| 610 |
2 |
|
|a Tribunal Europeo de Derechos Humanos
|
| 650 |
0 |
4 |
|a Derechos humanos
|z Per︢
|
| 650 |
0 |
4 |
|a Jurisprudencia
|z Per︢
|
| 740 |
0 |
|
|a vLex Libros (Servicio en ln̕ea)
|
| 856 |
4 |
0 |
|u http://vlex.com/source/jurisprudencia-tribunal-europeo-derechos-humanos-6462
|z Acceso restringido
|
| 942 |
|
|
|c BOOK
|
| 999 |
0 |
|
|a Human rights
|
| 999 |
0 |
|
|a Jurisprudence
|